Tập truyện ngắn

Salvato in:
Dettagli Bibliografici
Autore principale: Phùng, Hải Yến
Altri autori: Bùi, Nguyên Khiết
Natura: Libro
Lingua:Undetermined
Pubblicazione: H. Hội Nhà văn 2019
Soggetti:
Accesso online:http://lrc.tdmu.edu.vn/opac/search/detail.asp?aID=2&ID=40713
Tags: Aggiungi Tag
Nessun Tag, puoi essere il primo ad aggiungerne! !
Thư viện lưu trữ: Trung tâm Học liệu Trường Đại học Thủ Dầu Một
LEADER 00751nam a2200205Ia 4500
001 TDMU_40713
008 210410s9999 xx 000 0 und d
082 |a 813.52 
090 |b PH513 
100 |a Phùng, Hải Yến 
245 0 |a Tập truyện ngắn 
245 0 |c Phùng Hải Yến, Bùi Nguyên Khiết 
260 |a H. 
260 |b Hội Nhà văn 
260 |c 2019 
300 |a 415 tr. 
650 |a Văn học hiện đại  |x Văn học Việt Nam  |v Tập Truyện ngắn; Truyện ngắn  |x Văn học  |z Việt Nam 
700 |a Bùi, Nguyên Khiết 
856 |u http://lrc.tdmu.edu.vn/opac/search/detail.asp?aID=2&ID=40713 
980 |a Trung tâm Học liệu Trường Đại học Thủ Dầu Một